000 01357nam2a22002531 4500
001 RU\NLR\INFOCOMM10\1000260783
005 20250617111453.0
035 _a(NLR Aleph) 002567860
090 _a3162363
_c3162363
100 _a20040621d1975 |||y0rusy50 ca
101 0 _arus
102 _aRU
105 _ay |||||||||
200 1 _aЗональность колчеданно-полиметаллических месторождений
_fА.С. Лапухов
210 _d1975
_aБ. м.
461 0 _1001RU\NLR\INFOCOMM10\1000260550
_12001#$aТруды$dTransaction$fРос. акад. наук Сиб. отд-ние. Объед. ин-т геологии, геофизики и минералогии$gRus. acad. of sciences Siberian branch United inst of geology, geophysics a mineralogy$zeng$vВып.247
_93998375
_aОбъединенный институт геологии, геофизики и минералогии (Новосибирск)
_cНовосибирск
_d1960-
_fРос. акад. наук Сиб. отд-ние. Объед. ин-т геологии, геофизики и минералогии
_lTransaction
_tТруды
_vВып.247
700 1 _aЛапухов
_bА.С.
_4070
801 1 _aRU
_bInfoComm
_c20040621
801 0 _aRU
_bNLR
_gPSBO
852 _aNLR
_jП8/464
942 _cISSUE
980 _aNB
980 _aRUSPER